Science and math : Biology, chemistry, physics, earth science, space science
সংরক্ষণ করুন:
| বিন্যাস: | গ্রন্থ |
|---|---|
| ভাষা: | Undetermined |
| প্রকাশিত: |
Burlington, NC
Carolina
2001
|
| বিষয়গুলি: | |
| ট্যাগগুলো: |
ট্যাগ যুক্ত করুন
কোনো ট্যাগ নেই, প্রথমজন হিসাবে ট্যাগ করুন!
|
| Thư viện lưu trữ: | Trung tâm Học liệu Trường Đại học Cần Thơ |
|---|
| LEADER | 00495nam a2200169Ia 4500 | ||
|---|---|---|---|
| 001 | CTU_192445 | ||
| 008 | 210402s9999 xx 000 0 und d | ||
| 082 | |a 500 | ||
| 082 | |b S416 | ||
| 245 | 0 | |a Science and math : | |
| 245 | 0 | |b Biology, chemistry, physics, earth science, space science | |
| 260 | |a Burlington, NC | ||
| 260 | |b Carolina | ||
| 260 | |c 2001 | ||
| 650 | |a Science,Mathematics,Khoa học,Toán học | ||
| 904 | |i Trúc | ||
| 980 | |a Trung tâm Học liệu Trường Đại học Cần Thơ | ||